Histoire de l'art; les jardins, questionnaire.

Saved in:
Bibliographic Details
Main Author: Delerse, Lucien.
Format: Book
Language:French
Published: Lausanne, France, Atelier-École [1948?]
Subjects:
Tags: Add Tag
No Tags, Be the first to tag this record!
LEADER 00614nam a2200193K 4500
001 000000357-3
005 20020606090541.3
008 930429s1948 fr 000 0 fre d
035 0 |a ocm77743790 
040 |a FLL  |c FLL 
100 1 |a Delerse, Lucien. 
245 1 0 |a Histoire de l'art;  |b les jardins, questionnaire. 
260 |a Lausanne, France,  |b Atelier-École  |c [1948?] 
300 |a [28] p.  |b illus., plans. 
650 0 |a Landscape architecture  |x Examinations, questions, etc. 
691 9 |a Landscape architecture  |x History.  |5 des 
691 9 |a Landscape architecture  |x Study and teaching.  |5 des 
988 |a 20020608 
906 |0 MH